Sveitsin naapurimaat - Statistics

Yleistilastot
  • Tätä visaa on pelattu 53 kertaa
  • Keskiarvotulos 5 / 5
Vastaustilastot
Pituus Rajanaapuri % Oikein
572 km Ranska
100%
334 km Saksa
100%
164 km Itävalta
98%
740 km Italia
95%
41 km Liechtenstein
89%
Ehtoja vastaavia visoja ei löytynyt
Tulosjakauma
Jokaisen tuloksen saaneiden osuus
Persentiili vastausten määrän mukaan
Tuloshistoriasi
Et ole pelannut tätä visaa